LEADER 00987nam2-22003371i-450- 001 990003291060403321 005 20071022104132.0 035 $a000329106 035 $aFED01000329106 035 $a(Aleph)000329106FED01 035 $a000329106 100 $a20030910d1934----km-y0itay50------ba 101 0 $aita 102 $aIT 105 $aa-------001yy 200 1 $a<>Oceani$fRoberto Almagią$c<>Oceania$fFerdinando Milone 210 $aTorino$cUnione Tipografico-Editrice Tori nese$d1934 215 $a766 p., [19] c.$cill.$d28 cm 461 0$1001000004580$12001$aGeografia universale illustrata$v8 610 0 $aAtlantico; Pacifico 676 $a021.059 700 1$aAlmagią,$bRoberto$f<1884-1962>$04190 801 0$aIT$bUNINA$gRICA$2UNIMARC 901 $aBK 912 $a990003291060403321 952 $a021.059.ALM$b24027$fDECGE 952 $aL-05-031$bIst. 2588$fILFGE 959 $aDECGE 959 $aILFGE 996 $aOceani$9304834 997 $aUNINA LEADER 01590nam 2200385 n 450 001 996391102003316 005 20221108031536.0 035 $a(CKB)1000000000664735 035 $a(EEBO)2240861609 035 $a(UnM)99837061 035 $a(EXLCZ)991000000000664735 100 $a19900927d1615 uy | 101 0 $aeng 135 $aurbn||||a|bb| 200 14$aThe araignment of lewde, idle, froward, and vnconstant women: or the vanitie of them, choose you whether$b[electronic resource] $eWith a commendacion of wise, vertuous and honest women. Pleasant for married men, profitable for young men, and hurtfull to none 210 $aLondon $cPrinted by Edw: Allde for Thomas Archer, and are to be solde at his shop in Popes-head Pallace nere the Royall Exchange$d1615 215 $a[8], 64 p 300 $a"The epistle to the reader" signed: Thomas Tel-troth, i.e. Joseph Swetnam. 300 $aWoodcut illustration on title page. 300 $aConsiderable print show-through. 300 $aReproduction of original in the Folger Shakespeare Library. 330 $aeebo-0055 606 $aWomen$vControversial literature$vEarly works to 1800 606 $aMisogyny$vEarly works to 1800 615 0$aWomen 615 0$aMisogyny 700 $aSwetnam$b Joseph$ffl. 1617.$01001363 801 0$bCu-RivES 801 1$bCu-RivES 801 2$bCStRLIN 801 2$bWaOLN 906 $aBOOK 912 $a996391102003316 996 $aThe araignment of lewde, idle, froward, and vnconstant women, or the vanitie of them, choose you whether$92301665 997 $aUNISA LEADER 01277nam a2200337 i 4500 001 991001067579707536 005 20020507182618.0 008 010509s1999 us ||| | eng 020 $a0821820176 035 $ab10796411-39ule_inst 035 $aLE01306533$9ExL 040 $aDip.to Matematica$beng 082 0 $a512.7 084 $aAMS 01A75 084 $aAMS 11-03 084 $aQA241.L5513 100 1 $aDirichlet, Peter Gustav Lejeune$054928 245 10$aLectures on number theory /$cP. G. L. Dirichlet ; supplements by R. Dedekind ; translated by John Stillwell 260 $aProvidence, RI :$bAmerican Mathematical Society ; [London] : London Mathematical Society,$cc1999 300 $axx, 275 p. ;$c26 cm. 490 0 $aHistory of mathematics, ISSN 08992428 ;$v16 500 $aIncludes bibliographical references (p. xix-xx) and index 650 4$aNumber theory 700 1 $aDedekind, Richard 700 1 $aStillwell, John 907 $a.b10796411$b23-02-17$c28-06-02 912 $a991001067579707536 945 $aLE013 11-XX DIR11 (1999)$g1$i2013000126821$lle013$o-$pE0.00$q-$rl$s- $t0$u3$v0$w3$x0$y.i10897914$z28-06-02 996 $aLectures on number theory$9921633 997 $aUNISALENTO 998 $ale013$b01-01-01$cm$da $e-$feng$gus $h0$i1 LEADER 01232nam a2200325 i 4500 001 991000987049707536 005 20020507181141.0 008 980522s1961 uk ||| | eng 035 $ab10785322-39ule_inst 035 $aLE01305328$9ExL 040 $aDip.to Matematica$beng 082 0 $a532.5 084 $aAMS 76E 084 $aAMS 76W05 100 1 $aChandrasekhar, Subrahmanyan$012159 245 10$aHydrodynamic and hydromagnetic stability /$cby S. Chandrasekhar 260 $aOxford :$bClarendon Press,$cc1961 300 $a652 p. :$bill. ;$c24 cm 490 1 $aThe international series of monographs on physics 504 $aIncludes bibliography 650 0$aFluid dynamics 650 0$aMagnetohydrodynamics 650 0$aStability 907 $a.b10785322$b15-02-19$c28-06-02 912 $a991000987049707536 945 $aLE013 76E CHA11 C.1 (1961)$g1$i2013000099514$lle013$o-$pE0.00$q-$rl$s- $t0$u16$v2$w16$x0$y.i10885444$z28-06-02 945 $aLE013 76E CHA11 C.2 (1961)$g1$i2013000229874$lle013$nC. 2$og$pE20.00$q-$rl$s- $t0$u0$v0$w0$x0$y.i15878107$z15-02-19 996 $aHydrodynamic and hydromagnetic stability$9187468 997 $aUNISALENTO 998 $ale013$b01-01-98$cm$da $e-$feng$guk $h0$i1